000
00260nam a22001097a 4500
008
170123b xxu||||| |||| 00| 0 eng d
020
_a
9781416069980
041
_a
eng
080
_2
3RD
_a
618.2
245
_a
MATERNAL-CHILD NURSING
_c
MCKINNEY,E.S
942
_2
udc
_c
BK
999
_c
3404
_d
3404